000 00645nam a22002297a 4500
003 OSt
005 20210426100822.0
008 210120s1997 ||||| |||| 00| 0 eng d
020 _a0679424008
040 _aeng
_beng
_cDLC
041 _aeng
080 _a92
_bS-91
100 _9657
_aSullivan, John Michael
245 _aA Fatal Passion
_b: The Story of Victoria Melita, the Uncrowned Last Empress of Russia
_c/ by: Random House
250 _a1st edition
260 _aNew York
_bRandom House
_c1997
300 _a473 p.
_bill.
365 _b30 usd
650 0 _9237
_aBiography
653 _aბიოგრაფია
942 _2udc
_cBK
_e1
999 _c890
_d890